Guess the Island country flags - Statistics

General Stats
  • This quiz has been taken 63 times
  • The average score is 32 of 45
Answer Stats
Picture Answer % Correct
Australia
98%
Iceland
95%
Japan
95%
Ireland
93%
Jamaica
93%
Barbados
91%
Cuba
91%
Bahamas
89%
Cyprus
89%
Fiji
89%
Indonesia
86%
Antigua and Barbuda
84%
Malta
82%
Brunei
80%
Madagascar
80%
Bahrain
77%
New Zealand
77%
East Timor
75%
United Kingdom
75%
Comoros
73%
Dominica
73%
Grenada
73%
Maldives
73%
Kiribati
70%
Palau
70%
Taiwan
68%
Cape Verde
66%
Marshall Islands
66%
Trinidad and Tobago
66%
F.S. of Micronesia
64%
Seychelles
64%
Sri Lanka
64%
Saint Kitts and Nevis
61%
Saint Lucia
61%
Singapore
61%
Solomon Islands
59%
Tonga
59%
Tuvalu
59%
Saint Vincent and the Grenadines
57%
Samoa
55%
Vanuatu
55%
Nauru
52%
Sao Tome and Principe
52%
Phillipines
50%
Maurtius
5%
No matching quizzes found
Score Distribution
Percent of People with Each Score
Percentile by Number Answered
Your Score History
You have not taken this quiz